| 000 | 00431cam a2200181ua 4500 | ||
|---|---|---|---|
| 003 | @ | ||
| 003 | OSt | ||
| 008 | 250527b |||||||| |||| 00| 0 eng d | ||
| 020 | _a81-87433-54-X | ||
| 041 | _aeng | ||
| 082 |
_a624.17 _bRAM/ST |
||
| 100 | _aRamamrutham, S . | ||
| 245 | _aStrength of materials / | ||
| 250 | _aRev / | ||
| 260 |
_aNew Delhi : _bDhanpat Rai Publishing Co. Pvt. Ltd. , _c2001. |
||
| 300 | _a964 ; . | ||
| 942 | _cBK | ||
| 999 |
_c61 _d61 |
||